| Поле | Инд. | ПП | Название | Значение |
|---|---|---|---|---|
| Тип записи | a | |||
| Библиографический уровень | m | |||
| 001 | Контрольный номер | RU/IS/BASE/568899632 | ||
| 005 | Дата корректировки | 20220628142430.3 | ||
| 020 | a | ISBN | 978-985-543-375-1 | |
| 040 | b | Код языка каталог. | rus | |
| 041 | 0_ | a | Код языка текста | rus |
| 080 | a | Индекс УДК | 004.42(076.5) | |
| 084 | a | Индекс другой классификации/Индекс ББК | 32.972.1я73 | |
| 090 | a | Полочн. индекс | 681.3 | |
| x | Авторский знак | Т57 | ||
| 097 | b | Оператор | 02 | |
| 100 | 1_ | a | Автор | Тонконогов Б. А. |
| 245 | 10 | a | Заглавие | Программное обеспечение электронных средств. Лабораторный практикум |
| b | Продолж. заглавия | пособие | ||
| h | Физич. носитель | + электр. вариант | ||
| 260 | a | Место издания | Минск | |
| b | Издательство | БГУИР | ||
| c | Дата издания | 2017 | ||
| 300 | a | Объем | 67 с. | |
| b | Иллюстрации/ тип воспроизводства | ил. | ||
| 440 | _0 | a | Серия | Кафедра электронной техники и технологии |
| 510 | 0_ | a | Примечание о ссылках | Книги и методические пособия |
| 650 | 04 | a | Основная рубрика | 50.41 Программное обеспечение вычислительных машин, комплексов и сетей |
| x | Основная подрубрика | 50.41.17 Системное программное обеспечение | ||
| 653 | 0_ | a | Ключевые слова | программное обеспечение; электронные средства |
| 700 | 12 | a | Другие авторы | Высоцкий О. П. |
| 856 | 40 | u | URL | https://libeldoc.bsuir.by/bitstream/123456789/29074/1/Tonkonogov_017.pdf |
| 901 | t | Тип документа | m |